| 000 | 00785nam a2200253Ia 4500 | ||
|---|---|---|---|
| 003 | OSt | ||
| 005 | 20220925230412.0 | ||
| 006 | a|||||r|||| 00| 0 | ||
| 007 | ta | ||
| 008 | 220923b |||||||| |||| 00| 0 eng d | ||
| 020 | _c1549.66 | ||
| 037 |
_bBBS/133, 09/02/2018, Better Book Service _cGeneral Book |
||
| 040 |
_aRTL _cRTL _beng |
||
| 041 |
_2eng _aeng |
||
| 082 | _aU43.5oj71, Q7 | ||
| 100 |
_aVASUDEVAN Alexander _9293610 |
||
| 245 | 0 |
_aAutonomous city _b A history of urban squatting |
|
| 260 |
_aLondon _bVerso _c2017 |
||
| 300 |
_a292p. _ccm. |
||
| 500 | _aBibliography: Chapterwise | ||
| 650 | _aGeography | ||
| 942 |
_hU43.5oj71, Q7 _cGB _2CC |
||
| 999 |
_c585418 _d585418 |
||